000 01191nam a22003257a 4500
001 7043
003 FISKH
005 20250619105355.0
008 250619b cb ||||| |||| 00| 0 eng d
020 _a9780746031131
040 _aFISKH
_beng
_cFISKH
_dFISKH
050 _a SF309.2 .E36
082 _a798.23
100 _aEdom, Helen
245 _aStarting riding /
_cBy Helen Edom and Lesley Sims
250 _aFirst published in America in 1992
260 _aLondon :
_bUsborne Publishing Ltd,
_c1998.
300 _a32 pages :
_bcolor illustrations ;
_c24 cm .
490 _aUsborne First Skills
505 _aP
520 _aRevised to include Internet links, this book covers everything a beginner needs to know. It explains how to get on and off a pony, start and stop, canter and even jump. There is also advice on how to care for a pony, including grooming, and the procedure of tacking up.
521 8 _a650
_bLexile
521 8 _aP
_bRaz-Plus
650 _aHorse riding
_vNon-fiction
650 _aHome school
_vNon-fiction
700 _aYoung, Norman
_eIllustrator
700 _aPedley, Joe
_eDesigner
942 _2ddc
_cBK
_n0
999 _c7043
_d7043